Statistiques concernant Langues de fiction

Cliquez ici pour prendre le quiz!

Statistiques générales

  • Ce quiz a été pris 22 fois
  • Le résultat moyen est 2 sur 14

Statistiques - réponses

Réponse% Correct
Elfique
79%
Klingon
37%
Nain
32%
Poneglyphe
26%
Atlante
11%
Alphabet Zarbi
5%
Dovahzul
5%
Al Bhed
0%
Alphabet Wakanda
0%
Haut Valyrien
0%
Hyrulien ancien
0%
Simlish
0%
Syldave
0%
Thalassien
0%

Distribution des résultats

Percentile par nombre de réponses

% des personnes avec chaque résultat

Votre développement - résultats

Vous n’avez pas pris ce quiz